000 00425nam a22001577a 4500
020 _a81-8111-053-6
082 _aH100 9
_bSHO/B
100 _aShobhana Kokkadan
245 _aBharath Bharathi mein rashtreey aur samskritik chetana/
_cby Shobhana Kokkadan
260 _aMadhura:
_bJawahar,
_c2007.
300 _a120p.
650 _aPoetry Hindi Criticism
650 _aLiterature Hindi
650 _aLiterature
942 _cBK
999 _c52269
_d52269